Settlers and scouts / (Record no. 131437)

MARC details
000 -LEADER
fixed length control field 00488nam a22001937a 4500
005 - DATE AND TIME OF LATEST TRANSACTION
control field 20170124110128.0
010 ## - LIBRARY OF CONGRESS CONTROL NUMBER
LC control number 735903
020 ## - INTERNATIONAL STANDARD BOOK NUMBER
Terms of availability 00.00
035 ## - SYSTEM CONTROL NUMBER
System control number 735903
037 ## - SOURCE OF ACQUISITION
Source of stock number/acquisition Cen Lib/Ret
040 ## - CATALOGING SOURCE
Original cataloging agency DPL
Language of cataloging EN
082 ## - DEWEY DECIMAL CLASSIFICATION NUMBER
Classification number N
Item number STR
100 ## - MAIN ENTRY--PERSONAL NAME
Personal name Strang, Herbert
9 (RLIN) 31756
245 ## - TITLE STATEMENT
Title Settlers and scouts /
Statement of responsibility, etc by Herbert Strang
260 ## - PUBLICATION, DISTRIBUTION, ETC. (IMPRINT)
Place of publication, distribution, etc London
Name of publisher, distributor, etc Oxford University Press
Date of publication, distribution, etc 1943
300 ## - PHYSICAL DESCRIPTION
Extent x,374p.
Dimensions 18cm(Hb)
650 ## - SUBJECT ADDED ENTRY--TOPICAL TERM
Topical term or geographic name as entry element English fiction
9 (RLIN) 31757
942 ## - ADDED ENTRY ELEMENTS (KOHA)
Source of classification or shelving scheme Dewey Decimal Classification
Koha item type English Books
Classification part N
Call number suffix STR
Holdings
Withdrawn status Lost status Damaged status Not for loan Home library Current library Date acquired Source of acquisition Cost, normal purchase price Total Checkouts Full call number Barcode Date last seen Copy number Cost, replacement price Price effective from Koha item type
        Central Library Central Library 14/07/2015 Cen Lib/Ret 0.00   N STR 735903 14/07/2015 1 0.00 14/07/2015 English Books

© Delhi Public Library
Hit Counter
free hit counter